[Event "Pune All India op 3rd"]
[Site "Pune"]
[Date "2019.05.02"]
[Round "8"]
[White "Navalgund, Niranjan"]
[Black "Vaidya, Arun Bhaskar"]
[Result "1-0"]
[WhiteElo "2352"]
[BlackElo "2159"]
[PlyCount "67"]
[EventDate "2019.04.29"]
[EventType "swiss"]
[EventRounds "8"]
[EventCountry "IND"]
[SourceTitle "CBM 190 Extra"]
[Source "ChessBase"]
[SourceDate "2019.07.15"]
[SourceVersion "1"]
[SourceVersionDate "2019.07.15"]
[SourceQuality "1"]

1. d4 Nf6 2. c4 e6 3. g3 c5 4. d5 exd5 5. cxd5 d6 6. Nc3 g6 7. Bg2 Bg7 8. Nf3 0-0 9. 0-0 a6 10. a4 Nbd7 11. Bf4 Ne8 12. e4 Rb8 13. Re1 Ne5 14. Nxe5 Bxe5 15. Bxe5 dxe5 16. a5 Nd6 17. Qc1 Bd7 18. f4 f6 19. Na4 Bxa4 20. Rxa4 c4 21. Kh1 b5 22. axb6 Rxb6 23. Bh3 Kg7 24. Be6 Qb8 25. fxe5 fxe5 26. Qc3 Nb5 27. Qxc4 Nd4 28. b4 Rf2 29. Qc5 Qd8 30. Ra3 Rb5 31. Qa7+ Kh6 32. g4 Rf3 33. Rxf3 Nxf3 34. Qe3+ 1-0

[Event "Dhaka"]
[Site "Dhaka"]
[Date "1993.??.??"]
[Round "?"]
[White "Murshed, Niaz"]
[Black "Vaidya, Arun Bhaskar"]
[Result "0-1"]
[WhiteElo "2520"]
[BlackElo "2385"]
[PlyCount "83"]
[EventDate "1993.??.??"]
[EventType "tourn"]
[EventRounds "11"]
[EventCountry "BAN"]
[EventCategory "7"]
[SourceTitle "EXT 1997"]
[Source "ChessBase"]
[SourceDate "1996.11.15"]
[SourceVersion "1"]
[SourceVersionDate "1996.11.15"]
[SourceQuality "1"]

1. d4 Nf6 2. c4 g6 3. Nc3 Bg7 4. e4 d6 5. Nf3 0-0 6. Be2 e5 7. dxe5 dxe5 8. Qxd8 Rxd8 9. Bg5 c6 10. Nxe5 Re8 11. 0-0-0 Na6 12. Rd6 Be6 13. Nf3 Nc5 14. Nd2 Nfd7 15. Ndb1 Ne5 16. Be3 Na6 17. b3 f5 18. Rd2 Nf7 19. h4 Nb4 20. a3 Na6 21. h5 g5 22. exf5 Bxf5 23. g4 Be6 24. Rg1 h6 25. Ne4 b5 26. Nd6 Nxd6 27. Rxd6 Rac8 28. Bd3 Rcd8 29. Rxd8 Rxd8 30. Kc2 bxc4 31. Bxc4 Bxc4 32. bxc4 Rd7 33. Rd1 Rb7 34. Nc3 Be5 35. Rd8+ Kf7 36. Ne4 Ke7 37. Rg8 Rb2+ 38. Kd1 Rb1+ 39. Ke2 Rb2+ 40. Kf3 Rb3 41. Rg6 Nc7 42. Rxh6 0-1

[Event "Dhaka"]
[Site "Dhaka"]
[Date "1993.??.??"]
[Round "?"]
[White "Rahman, Ziaur"]
[Black "Vaidya, Arun Bhaskar"]
[Result "1/2-1/2"]
[WhiteElo "2430"]
[BlackElo "2385"]
[PlyCount "88"]
[EventDate "1993.??.??"]
[EventType "tourn"]
[EventRounds "11"]
[EventCountry "BAN"]
[EventCategory "7"]
[SourceTitle "EXT 1997"]
[Source "ChessBase"]
[SourceDate "1996.11.15"]
[SourceVersion "1"]
[SourceVersionDate "1996.11.15"]
[SourceQuality "1"]

1. d4 Nf6 2. c4 e6 3. g3 c5 4. Nf3 d5 5. Bg2 dxc4 6. 0-0 Be7 7. Qa4+ Nbd7 8. dxc5 0-0 9. Qxc4 Nxc5 10. Nc3 a6 11. Rd1 Qe8 12. Qd4 Ncd7 13. Be3 Bc5 14. Qd2 Qe7 15. Rac1 Rb8 16. Bxc5 Nxc5 17. Ne5 Ncd7 18. Nc4 h6 19. Qd6 Qxd6 20. Rxd6 g6 21. Rcd1 Kg7 22. R6d2 b5 23. Na5 Ne5 24. b3 b4 25. Na4 Rb5 26. Nc6 Nxc6 27. Bxc6 Rb8 28. Nc5 e5 29. Rd6 a5 30. f4 exf4 31. gxf4 Bg4 32. Kf2 Rfc8 33. Ne4 Nh5 34. Ke3 Rb6 35. Bd7 Rxd6 36. Rxd6 Bxd7 37. Rxd7 Rc2 38. Rd2 Rc1 39. Rd5 f5 40. Nd2 Rc3+ 41. Rd3 Rc2 42. Nc4 Rxa2 43. Rd7+ Kf6 44. Rd6+ Ke7 1/2-1/2

[Event "Dhaka"]
[Site "Dhaka"]
[Date "1993.??.??"]
[Round "?"]
[White "Vaidya, Arun Bhaskar"]
[Black "Hodgson, Julian M"]
[Result "0-1"]
[WhiteElo "2385"]
[BlackElo "2245"]
[PlyCount "76"]
[EventDate "1993.??.??"]
[EventType "tourn"]
[EventRounds "11"]
[EventCountry "BAN"]
[EventCategory "7"]
[SourceTitle "EXT 1997"]
[Source "ChessBase"]
[SourceDate "1996.11.15"]
[SourceVersion "1"]
[SourceVersionDate "1996.11.15"]
[SourceQuality "1"]

1. d4 Nf6 2. c4 c5 3. d5 b5 4. Qc2 d6 5. e4 bxc4 6. Bxc4 g6 7. b3 Bg7 8. Bb2 0-0 9. Nf3 e6 10. 0-0 e5 11. Ne1 Nh5 12. Nd3 f5 13. Nd2 f4 14. f3 g5 15. Nf2 Nf6 16. Be2 h5 17. g4 fxg3 18. hxg3 Rf7 19. Kg2 Nbd7 20. Rh1 Nf8 21. Nc4 N8h7 22. Raf1 Qe7 23. Ne3 Nf8 24. Nc4 Bd7 25. Bc1 Bh6 26. g4 Ng6 27. gxh5 Nf4+ 28. Bxf4 gxf4 29. Rfg1 Rg7+ 30. Kf1 Rg3 31. Ng4 Nxg4 32. fxg4 Rf8 33. Bd1 Bg5 34. Rg2 Kh7 35. Rf2 f3 36. Qd3 Bxg4 37. Ne3 Bh3+ 38. Ke1 Bh4 0-1

[Event "Odorheiu Secuiesc"]
[Site "Odorheiu Secuiesc"]
[Date "1992.??.??"]
[Round "?"]
[White "Ionescu, Constantin"]
[Black "Vaidya, Arun Bhaskar"]
[Result "1-0"]
[WhiteElo "2465"]
[BlackElo "2335"]
[PlyCount "51"]
[EventDate "1992.??.??"]
[EventType "tourn"]
[EventRounds "13"]
[EventCountry "ROU"]
[EventCategory "5"]
[SourceTitle "EXT 1997"]
[Source "ChessBase"]
[SourceDate "1996.11.15"]
[SourceVersion "1"]
[SourceVersionDate "1996.11.15"]
[SourceQuality "1"]

1. d4 d5 2. c4 e6 3. Nc3 f5 4. Nf3 Nf6 5. Qc2 c6 6. Bg5 Bd6 7. Bxf6 gxf6 8. e3 Bd7 9. a3 Qa5 10. c5 Bf8 11. b4 Qc7 12. Bd3 Ke7 13. g3 Be8 14. Nh4 Rg8 15. f4 Nd7 16. Kf2 Kf7 17. Ne2 Be7 18. h3 Nf8 19. Rag1 Ng6 20. Nf3 a5 21. g4 axb4 22. gxf5 exf5 23. axb4 Bd7 24. Bxf5 Bxf5 25. Qxf5 Qc8 26. Qh5 1-0

[Event "Odorheiu Secuiesc"]
[Site "Odorheiu Secuiesc"]
[Date "1992.??.??"]
[Round "?"]
[White "Schwartzman, Gabriel"]
[Black "Vaidya, Arun Bhaskar"]
[Result "1-0"]
[WhiteElo "2340"]
[BlackElo "2335"]
[PlyCount "71"]
[EventDate "1992.??.??"]
[EventType "tourn"]
[EventRounds "13"]
[EventCountry "ROU"]
[EventCategory "5"]
[SourceTitle "EXT 1997"]
[Source "ChessBase"]
[SourceDate "1996.11.15"]
[SourceVersion "1"]
[SourceVersionDate "1996.11.15"]
[SourceQuality "1"]

1. c4 Nf6 2. Nf3 g6 3. g3 Bg7 4. Bg2 0-0 5. 0-0 d6 6. d4 c6 7. Nc3 Bf5 8. b3 Ne4 9. Bb2 Nxc3 10. Bxc3 Be4 11. Qd2 d5 12. Qe3 Nd7 13. Bh3 Bxf3 14. Qxf3 Nf6 15. Qd3 e6 16. f3 Qd7 17. Rad1 Rfc8 18. e4 a6 19. e5 Ne8 20. c5 Qd8 21. f4 b6 22. b4 a5 23. bxa5 bxc5 24. dxc5 Bf8 25. Bb4 Nc7 26. a3 Na6 27. Qc3 Rcb8 28. Rf2 Rb5 29. Bf1 Bxc5 30. Bxb5 Bxf2+ 31. Kxf2 cxb5 32. Rc1 Qb8 33. Qc6 Qa7+ 34. Qb6 Qxb6+ 35. axb6 Nxb4 36. b7 1-0

[Event "Odorheiu Secuiesc"]
[Site "Odorheiu Secuiesc"]
[Date "1992.??.??"]
[Round "?"]
[White "Simonyi, Zoltan"]
[Black "Vaidya, Arun Bhaskar"]
[Result "1/2-1/2"]
[WhiteElo "2310"]
[BlackElo "2335"]
[PlyCount "102"]
[EventDate "1992.??.??"]
[EventType "tourn"]
[EventRounds "13"]
[EventCountry "ROU"]
[EventCategory "5"]
[SourceTitle "EXT 1997"]
[Source "ChessBase"]
[SourceDate "1996.11.15"]
[SourceVersion "1"]
[SourceVersionDate "1996.11.15"]
[SourceQuality "1"]

1. d4 Nf6 2. c4 g6 3. Nc3 Bg7 4. e4 d6 5. Be2 0-0 6. Bg5 c5 7. d5 b5 8. cxb5 a6 9. b6 Qxb6 10. Qc2 h6 11. Bf4 e6 12. dxe6 Bxe6 13. Rd1 Rd8 14. Qd2 Nc6 15. Nf3 d5 16. e5 Ne4 17. Qc1 Nxc3 18. bxc3 Kh7 19. 0-0 Qa5 20. Rd2 Rab8 21. Rfd1 Rb7 22. h4 Rbd7 23. Bd3 Bg4 24. Re1 Bxf3 25. gxf3 Re7 26. Rde2 Rde8 27. h5 Re6 28. hxg6+ fxg6 29. Bg3 c4 30. Bb1 Nxe5 31. Kg2 Qb6 32. Qe3 Qxe3 33. Rxe3 Nd3 34. Bxd3 Rxe3 35. Bxg6+ Kxg6 36. fxe3 Bxc3 37. Rd1 Rxe3 38. Rxd5 Re2+ 39. Kh3 Rxa2 40. Rd6+ Kf7 41. Bf4 Bg7 42. Bxh6 Ke7 43. Bf4 c3 44. Rc6 c2 45. Kg4 Bd4 46. Kf5 Ra5+ 47. Ke4 Rc5 48. Rxc5 Bxc5 49. Kd3 Bd6 50. Bg5+ Ke6 51. Kxc2 Kf5 1/2-1/2

[Event "Odorheiu Secuiesc"]
[Site "Odorheiu Secuiesc"]
[Date "1992.??.??"]
[Round "?"]
[White "Vaidya, Arun Bhaskar"]
[Black "Bach, Adrian"]
[Result "0-1"]
[WhiteElo "2335"]
[BlackElo "2315"]
[PlyCount "90"]
[EventDate "1992.??.??"]
[EventType "tourn"]
[EventRounds "13"]
[EventCountry "ROU"]
[EventCategory "5"]
[SourceTitle "EXT 1997"]
[Source "ChessBase"]
[SourceDate "1996.11.15"]
[SourceVersion "1"]
[SourceVersionDate "1996.11.15"]
[SourceQuality "1"]

1. e4 e5 2. Nf3 Nc6 3. Bb5 a6 4. Ba4 Nf6 5. d4 exd4 6. 0-0 Be7 7. Re1 b5 8. e5 Nxe5 9. Rxe5 d6 10. Re1 bxa4 11. Nxd4 Bd7 12. Qf3 0-0 13. Nc6 Bxc6 14. Qxc6 d5 15. Bf4 Bd6 16. Bxd6 Qxd6 17. Qxd6 cxd6 18. Na3 Rab8 19. Rab1 Rfe8 20. Rxe8+ Rxe8 21. Kf1 Kf8 22. f3 Rc8 23. c3 h5 24. Ke2 h4 25. g4 hxg3 26. hxg3 Ke7 27. Nc2 Rh8 28. Nd4 Rh2+ 29. Ke3 g6 30. a3 Nd7 31. Ne2 Ne5 32. b3 axb3 33. Rxb3 Nc4+ 34. Kd3 g5 35. f4 g4 36. a4 Rh1 37. Nd4 Kf6 38. Rb8 Rg1 39. Rg8 Rxg3+ 40. Kc2 Rg2+ 41. Kc1 Rf2 42. f5 Rg2 43. Kd1 Ne3+ 44. Ke1 Nxf5 45. Kf1 Ne3+ 0-1

[Event "Goodricke op 03rd"]
[Site "Kolkata"]
[Date "1992.??.??"]
[Round "5"]
[White "Vaidya, Arun Bhaskar"]
[Black "Neelakantan, Narayanan"]
[Result "0-1"]
[WhiteElo "2335"]
[BlackElo "2230"]
[PlyCount "58"]
[EventDate "1992.01.??"]
[EventType "swiss"]
[EventRounds "11"]
[EventCountry "IND"]
[SourceTitle "CBM 027 Extra"]
[Source "ChessBase"]
[SourceDate "1992.05.01"]
[SourceVersion "1"]
[SourceVersionDate "1992.05.01"]
[SourceQuality "1"]

1. Nf3 d5 2. g3 Nf6 3. Bg2 c5 4. 0-0 Nc6 5. d3 e6 6. Nbd2 Be7 7. e4 b6 8. Re1 Bb7 9. c3 Qc7 10. a3 0-0 11. e5 Nd7 12. Qe2 Rfe8 13. Nf1 a5 14. h4 f6 15. Bh3 Ncxe5 16. Nxe5 Nxe5 17. Bxe6+ Kh8 18. d4 Bf8 19. Bf5 Ba6 20. Qh5 g6 21. Qd1 Nf3+ 22. Qxf3 Rxe1 23. Bh3 cxd4 24. Qxd5 Bb7 25. Qb5 Qc6 26. Qxc6 Bxc6 27. cxd4 Bb5 28. f3 Bxf1 29. Bxf1 Rc8 0-1

[Event "Multicoop op"]
[Site "Budapest"]
[Date "1992.??.??"]
[Round "4"]
[White "Vaidya, Arun Bhaskar"]
[Black "Shabtai, Ran"]
[Result "1/2-1/2"]
[WhiteElo "2335"]
[BlackElo "2340"]
[PlyCount "82"]
[EventDate "1992.??.??"]
[EventType "swiss"]
[EventRounds "9"]
[EventCountry "HUN"]
[SourceTitle "EXT 1997"]
[Source "ChessBase"]
[SourceDate "1996.11.15"]
[SourceVersion "1"]
[SourceVersionDate "1996.11.15"]
[SourceQuality "1"]

1. e4 e5 2. Nf3 Nc6 3. d4 exd4 4. Nxd4 Qf6 5. Nb5 Bc5 6. Qe2 Bb6 7. N1c3 Nge7 8. Be3 Ba5 9. 0-0-0 a6 10. Nd5 Nxd5 11. exd5 Ne7 12. Nd4 0-0 13. Nb3 Bb4 14. Qc4 Bd6 15. Bd3 Ng6 16. Qe4 Bf4 17. h4 Bxe3+ 18. fxe3 Qe5 19. Qf3 Re8 20. h5 Nf8 21. Rde1 d6 22. Rhf1 Re7 23. Nd4 Qg5 24. Qf4 Qxf4 25. exf4 Rxe1+ 26. Rxe1 Bd7 27. Bf5 g6 28. hxg6 hxg6 29. Bxd7 Nxd7 30. Re7 Rd8 31. c4 Kf8 32. Re3 Re8 33. Kd2 Re7 34. Rxe7 Kxe7 35. Ke3 Kf6 36. g3 g5 37. b3 Nc5 38. Kf3 Nd7 39. Kg4 gxf4 40. gxf4 Nc5 41. Kf3 Ke7 1/2-1/2

[Event "Multicoop op"]
[Site "Budapest"]
[Date "1992.??.??"]
[Round "6"]
[White "Vaidya, Arun Bhaskar"]
[Black "Szirmai, Eduard"]
[Result "1-0"]
[WhiteElo "2335"]
[BlackElo "2275"]
[PlyCount "89"]
[EventDate "1992.??.??"]
[EventType "swiss"]
[EventRounds "9"]
[EventCountry "HUN"]
[SourceTitle "EXT 1997"]
[Source "ChessBase"]
[SourceDate "1996.11.15"]
[SourceVersion "1"]
[SourceVersionDate "1996.11.15"]
[SourceQuality "1"]

1. e4 c5 2. d4 cxd4 3. c3 d5 4. exd5 Qxd5 5. cxd4 Nc6 6. Nf3 Bg4 7. Nc3 Qh5 8. d5 0-0-0 9. Qa4 Bxf3 10. dxc6 Bxc6 11. Qxa7 Qe5+ 12. Be3 e6 13. f4 Qb8 14. Qa5 Bd6 15. Nb5 Ne7 16. Bb6 Nd5 17. Nxd6+ Qxd6 18. Bxd8 Rxd8 19. 0-0-0 Qxf4+ 20. Qd2 Qa4 21. b3 Qa3+ 22. Qb2 Qc5+ 23. Bc4 b5 24. Qd4 Qxd4 25. Rxd4 bxc4 26. Rxc4 Kd7 27. Rd1 Kd6 28. a4 e5 29. g4 f6 30. Kb2 g6 31. Ka3 f5 32. gxf5 gxf5 33. Rh4 Re8 34. b4 e4 35. b5 Bd7 36. b6 Bc6 37. Rc1 Re6 38. a5 Ke5 39. Rxc6 Re7 40. a6 Nxb6 41. Rxb6 e3 42. Rb5+ Kf6 43. Ra4 e2 44. Rb1 f4 45. Rxf4+ 1-0

[Event "Kolkata"]
[Site "Kolkata"]
[Date "1986.??.??"]
[Round "?"]
[White "Ravikumar, Vaidyanathan"]
[Black "Vaidya, Arun Bhaskar"]
[Result "1/2-1/2"]
[WhiteElo "2370"]
[BlackElo "2340"]
[PlyCount "34"]
[EventDate "1986.02.??"]
[EventType "tourn"]
[EventRounds "13"]
[EventCountry "IND"]
[EventCategory "8"]
[SourceTitle "TD"]
[Source "ChessBase"]
[SourceDate "1994.03.01"]
[SourceVersion "1"]
[SourceVersionDate "1994.03.01"]
[SourceQuality "1"]

1. d4 Nf6 2. c4 e6 3. Nc3 d5 4. Bg5 Be7 5. e3 Nbd7 6. Nf3 c6 7. cxd5 exd5 8. Qc2 h6 9. Bh4 0-0 10. Bd3 a5 11. 0-0 Ne8 12. Bxe7 Qxe7 13. a3 Nd6 14. Na4 Ra7 15. Rac1 b5 16. Nc5 Nc4 17. Nxd7 Bxd7 1/2-1/2

[Event "Kolkata"]
[Site "Kolkata"]
[Date "1986.??.??"]
[Round "?"]
[White "Soltis, Andrew E"]
[Black "Vaidya, Arun Bhaskar"]
[Result "0-1"]
[WhiteElo "2440"]
[BlackElo "2340"]
[PlyCount "100"]
[EventDate "1986.02.??"]
[EventType "tourn"]
[EventRounds "13"]
[EventCountry "IND"]
[EventCategory "8"]
[SourceTitle "TD"]
[Source "ChessBase"]
[SourceDate "1994.03.01"]
[SourceVersion "1"]
[SourceVersionDate "1994.03.01"]
[SourceQuality "1"]

1. e4 c5 2. Nc3 Nc6 3. Nge2 e6 4. g3 Nge7 5. Bg2 Nd4 6. Nxd4 cxd4 7. Ne2 Nc6 8. c3 d5 9. exd5 exd5 10. 0-0 Bd6 11. Qa4 d3 12. Nd4 Bd7 13. Nxc6 bxc6 14. Re1+ Kf8 15. Qa6 h5 16. Qxd3 h4 17. Qf3 hxg3 18. hxg3 Qc8 19. d4 Bg4 20. Qd3 Bh3 21. Bf4 Bxf4 22. gxf4 Bf5 23. Qg3 Qd8 24. Re5 g6 25. Rae1 Qh4 26. b3 Be6 27. c4 Rd8 28. c5 Qf6 29. b4 Rh4 30. a4 Qxf4 31. b5 Qxg3 32. fxg3 Rxd4 33. bxc6 Rc8 34. Rb1 Rxc6 35. Rb8+ Kg7 36. Rb7 Kf6 37. Re1 Rxa4 38. Rc1 Ra5 39. Rf1+ Kg5 40. Rf4 Raxc5 41. Rxa7 Rc4 42. Ra4 Rxa4 43. Rxa4 Rc2 44. Ra5 Rd2 45. Bf3 Kf6 46. Kf1 Ke5 47. Ke1 Rb2 48. Kf1 Kd4 49. Ra4+ Kc3 50. Ra3+ Rb3 0-1

[Event "Kolkata"]
[Site "Kolkata"]
[Date "1986.??.??"]
[Round "?"]
[White "Vaidya, Arun Bhaskar"]
[Black "Prasad, Devaki V"]
[Result "1/2-1/2"]
[WhiteElo "2340"]
[BlackElo "2360"]
[PlyCount "89"]
[EventDate "1986.02.??"]
[EventType "tourn"]
[EventRounds "13"]
[EventCountry "IND"]
[EventCategory "8"]
[SourceTitle "TD"]
[Source "ChessBase"]
[SourceDate "1994.03.01"]
[SourceVersion "1"]
[SourceVersionDate "1994.03.01"]
[SourceQuality "1"]

1. Nf3 f5 2. d4 Nf6 3. Nc3 d5 4. Bf4 e6 5. a3 Bd6 6. e3 0-0 7. Be2 Ne4 8. Nxe4 fxe4 9. Ne5 Nd7 10. Qd2 Nxe5 11. dxe5 Be7 12. f3 Bh4+ 13. g3 Be7 14. h4 exf3 15. Bxf3 Bd7 16. 0-0-0 Kh8 17. g4 b5 18. g5 b4 19. a4 Bxa4 20. g6 hxg6 21. Bg4 Bd7 22. Rdg1 c5 23. Qd3 Qe8 24. Bh3 a5 25. Qxg6 Qxg6 26. Rxg6 a4 27. Kb1 c4 28. h5 Rf7 29. h6 Kh7 30. Rhg1 Bf8 31. hxg7 Rxg7 32. Rh6+ Kg8 33. Bxe6+ Bxe6 34. Rxg7+ Kxg7 35. Rxe6 Kf7 36. Rf6+ Ke7 37. Rd6 Ra5 38. Bg5+ Ke8 39. Rb6 Bc5 40. Rb7 Ra6 41. Rb5 Rg6 42. Rxc5 Rxg5 43. Rxd5 b3 44. cxb3 axb3 45. Kc1 1/2-1/2

[Event "Kolkata"]
[Site "Kolkata"]
[Date "1986.??.??"]
[Round "?"]
[White "Vaidya, Arun Bhaskar"]
[Black "Razuvaev, Yuri S"]
[Result "1/2-1/2"]
[WhiteElo "2340"]
[BlackElo "2525"]
[PlyCount "95"]
[EventDate "1986.02.??"]
[EventType "tourn"]
[EventRounds "13"]
[EventCountry "IND"]
[EventCategory "8"]
[SourceTitle "TD"]
[Source "ChessBase"]
[SourceDate "1994.03.01"]
[SourceVersion "1"]
[SourceVersionDate "1994.03.01"]
[SourceQuality "1"]

1. d4 Nf6 2. c4 e6 3. Nf3 b6 4. g3 Ba6 5. b3 Bb4+ 6. Bd2 Be7 7. Bg2 0-0 8. Nc3 d5 9. cxd5 exd5 10. Qc2 Bb7 11. 0-0 Na6 12. Rfd1 Re8 13. a3 c6 14. Ne5 Bd6 15. Bf4 Nc7 16. Nd3 Ne6 17. Be5 Bf8 18. Nf4 Ng5 19. h4 Nge4 20. Nxe4 Nxe4 21. Nd3 Qd7 22. b4 a5 23. Rdb1 axb4 24. axb4 Ba6 25. Nc1 Qe6 26. Bc7 Bb5 27. Qb2 Nd6 28. Bxd6 Qxd6 29. Ra2 Bc4 30. Ra3 Qg6 31. Rba1 Rxa3 32. Rxa3 Qd6 33. Nd3 f6 34. e3 Qd7 35. Bf1 Bd6 36. Ra4 h6 37. Qa1 Qf5 38. Ra8 Rf8 39. Rxf8+ Bxf8 40. Qc3 b5 41. Be2 Bd6 42. Bf1 Qf3 43. Qd2 h5 44. Be2 Qe4 45. Qd1 g6 46. Bf1 Kg7 47. Nc5 Qf5 48. Bg2 1/2-1/2

[Event "Kolkata"]
[Site "Kolkata"]
[Date "1986.??.??"]
[Round "?"]
[White "Vaidya, Arun Bhaskar"]
[Black "Thipsay, Praveen Mahadeo"]
[Result "1-0"]
[WhiteElo "2340"]
[BlackElo "2485"]
[PlyCount "121"]
[EventDate "1986.02.??"]
[EventType "tourn"]
[EventRounds "13"]
[EventCountry "IND"]
[EventCategory "8"]
[SourceTitle "TD"]
[Source "ChessBase"]
[SourceDate "1994.03.01"]
[SourceVersion "1"]
[SourceVersionDate "1994.03.01"]
[SourceQuality "1"]

1. d4 Nf6 2. c4 g6 3. Nc3 Bg7 4. e4 d6 5. Nf3 0-0 6. Be2 Nbd7 7. 0-0 e5 8. Qc2 c6 9. Rd1 Qe7 10. d5 c5 11. Bg5 h6 12. Bh4 g5 13. Bg3 Nh5 14. Nd2 Ndf6 15. Nf1 Nf4 16. f3 N6h5 17. Ne3 Nxe2+ 18. Nxe2 Nf4 19. Nc3 a6 20. Bf2 Rb8 21. Rab1 Qc7 22. b4 cxb4 23. Rxb4 b5 24. a4 bxc4 25. Rdb1 Rxb4 26. Rxb4 Bd7 27. Rxc4 Qa5 28. Kf1 Rb8 29. g3 Ng6 30. Ned1 Bf8 31. Na2 Ne7 32. Be1 Qb6 33. Rb4 Qd8 34. Ne3 Rxb4 35. Nxb4 Qb6 36. Ke2 Qb7 37. g4 Nc8 38. Nc6 Na7 39. Nxa7 Qxa7 40. Nc4 Qc5 41. Qb3 Be7 42. Bf2 Qc7 43. Kd3 Be8 44. Kc3 h5 45. h3 hxg4 46. hxg4 Qd7 47. Kb4 Bd8 48. Ka3 f6 49. Be1 Kg7 50. Bb4 Be7 51. Ba5 Qc8 52. Bb6 Qd7 53. Na5 Kg6 54. Qc4 Bf8 55. Qc6 Qf7 56. Qb7 Qg8 57. Qxa6 Qh8 58. Qc8 Bf7 59. Nb3 Qh1 60. Qf5+ Kg7 61. Bd8 1-0

[Event "Asia-chT fin 06th"]
[Site "Dubai"]
[Date "1986.??.??"]
[Round "3"]
[White "Vaidya, Arun Bhaskar"]
[Black "Torre, Eugenio"]
[Result "0-1"]
[WhiteElo "2340"]
[BlackElo "2540"]
[PlyCount "28"]
[EventDate "1986.01.??"]
[EventType "team"]
[EventRounds "9"]
[EventCountry "UAE"]
[SourceTitle "EXT 2008"]
[Source "ChessBase"]
[SourceDate "2007.11.25"]
[SourceVersion "1"]
[SourceVersionDate "2007.11.25"]
[SourceQuality "1"]
[WhiteTeam "India"]
[BlackTeam "Philippines"]
[WhiteTeamCountry "IND"]
[BlackTeamCountry "PHI"]

1. d4 d5 2. Nf3 Nf6 3. c4 c6 4. Nc3 dxc4 5. a4 Bf5 6. Ne5 Na6 7. f3 Nd7 8. Nxc4 e5 9. e4 exd4 10. Qxd4 Be6 11. Bf4 Ndc5 12. Qe3 Nb4 13. Nd6+ Bxd6 14. 0-0-0 Bxf4 0-1

[Event "British CF-72 Championship"]
[Site "Edinburgh"]
[Date "1985.08.02"]
[Round "5"]
[White "Vaidya, Arun Bhaskar"]
[Black "Bowden, Karl"]
[Result "0-1"]
[WhiteElo "2310"]
[BlackElo "2250"]
[PlyCount "106"]
[EventDate "1985.07.29"]
[EventType "swiss"]
[EventRounds "11"]
[EventCountry "SCO"]
[SourceTitle "EXT 1999"]
[Source "ChessBase"]
[SourceDate "1998.11.16"]
[SourceVersion "1"]
[SourceVersionDate "1998.11.16"]
[SourceQuality "1"]

1. e4 e6 2. d4 d5 3. Nd2 c5 4. exd5 exd5 5. Bb5+ Bd7 6. Qe2+ Be7 7. Ngf3 Nf6 8. dxc5 0-0 9. Nb3 Re8 10. Bxd7 Nbxd7 11. 0-0 Bxc5 12. Qd3 Bb6 13. Bg5 Ne5 14. Nxe5 Rxe5 15. Bh4 Re4 16. Bg3 Qe7 17. Rad1 Ng4 18. Qf3 Ne3 19. fxe3 Rxe3 20. Qxd5 Rd3+ 21. Bf2 Rxd5 22. Rxd5 Rd8 23. Rxd8+ Qxd8 24. c3 Bxf2+ 25. Kxf2 Qh4+ 26. Kg1 Qe4 27. Rd1 h5 28. Nd4 h4 29. h3 Qe3+ 30. Kf1 g5 31. a3 f5 32. Re1 Qd3+ 33. Kg1 g4 34. Rf1 gxh3 35. gxh3 Qg3+ 36. Kh1 Qxh3+ 37. Kg1 f4 38. Rf3 Qg4+ 39. Kh2 Kf7 40. a4 a5 41. Rh3 Kf6 42. Nf3 Ke6 43. b3 Kd5 44. c4+ Kc5 45. Nxh4 Qe2+ 46. Kg1 Kb4 47. Kh1 Qf2 48. c5 Kxc5 49. Nf3 Kd5 50. Ng1 Ke4 51. Rh2 Qf1 52. Re2+ Kd3 53. Rh2 f3 0-1